000 01462nam a2200373Ia 4500
001 ebr10116534
003 CaPaEBR
006 m u
007 cr cn|||||||||
008 040419s2004 ncua sb s001 0 eng d
010 _z 2004008919
020 _z0807875813
020 _z0807829072 (alk. paper)
020 _z0807855723 (pbk. : alk. paper)
040 _aCaPaEBR
_cCaPaEBR
035 _a(OCoLC)607813730
050 1 4 _aE468.9
_b.M54 2004eb
082 0 4 _a973.7/072/073
_222
245 0 4 _aThe memory of the Civil War in American culture
_h[electronic resource] /
_cedited by Alice Fahs & Joan Waugh.
260 _aChapel Hill :
_bUniversity of North Carolina Press,
_cc2004.
300 _a286 p. :
_bill.
490 1 _aCivil War America
504 _aIncludes bibliographical references and index.
533 _aElectronic reproduction.
_bPalo Alto, Calif. :
_cebrary,
_d2009.
_nAvailable via World Wide Web.
_nAccess may be limited to ebrary affiliated libraries.
650 0 _aCivil war.
651 0 _aUnited States
_xHistory
_yCivil War, 1861-1865
_xInfluence.
651 0 _aUnited States
_xHistory
_yCivil War, 1861-1865
_xHistoriography.
655 7 _aElectronic books.
_2local
700 1 _aFahs, Alice.
700 1 _aWaugh, Joan.
710 2 _aebrary, Inc.
830 0 _aCivil War America.
856 4 0 _uhttp://site.ebrary.com/lib/rucke/Doc?id=10116534
_zAn electronic book accessible through the World Wide Web; click to view
999 _c208802
_d208802